|
|
|
|
| LEADER |
01987cas a2200241 a 4500 |
| 001 |
AALejournalIMF014126 |
| 008 |
230101c9999 xx r poo 0 0eng d |
| 020 |
|
|
|z 9781589065642
|
| 022 |
|
|
|a 0250-7528
|
| 040 |
|
|
|a BD-DhAAL
|c BD-DhAAL
|
| 110 |
2 |
|
|a International Monetary Fund.
|
| 240 |
1 |
0 |
|a Jahresbericht 2006: Die vorteile der weltwirtschaft fur alle sichern.
|l German
|
| 245 |
1 |
0 |
|a Jahresbericht 2006 :
|b Die vorteile der weltwirtschaft fur alle sichern.
|
| 264 |
|
1 |
|a Washington, D.C. :
|b International Monetary Fund,
|c 2007.
|
| 300 |
|
|
|a 1 online resource (267 pages)
|
| 490 |
1 |
|
|a Annual Report of the Executive Board
|
| 500 |
|
|
|a <strong>Off-Campus Access:</strong> No User ID or Password Required
|
| 500 |
|
|
|a <strong>On-Campus Access:</strong> No User ID or Password Required
|
| 506 |
|
|
|a Electronic access restricted to authorized BRAC University faculty, staff and students
|
| 520 |
3 |
|
|a The Annual Report 2006 to the Board of Governors reviews the IMF's activities and policies during the financial year (May 1, 2005, through April 30, 2006). The main sections cover the Fund's Medium-Term Strategy; country, global, and regional surveillance; strengthening surveillance and crisis prevention; IMF program support and crisis resolution; the Fund's role in low-income countries; technical assistance and training; financial operations and policies; and governance and management of the IMF. Besides the full financial statements for the year, appendixes cover international reserves, financial operations and transactions, principal policy decisions, press communiques of advisory committees, Executive Directors and their voting power, and changes in the Executive Board's membership.
|
| 538 |
|
|
|a Mode of access: Internet
|
| 830 |
|
0 |
|a Annual Report of the Executive Board; Annual Report of the Executive Board ;
|v No. 2006/001
|
| 856 |
4 |
0 |
|z Full text available on IMF
|u http://elibrary.imf.org/view/books/011/00325-9781589065642-de/00325-9781589065642-de-book.xml
|z IMF e-Library
|